Airlines that serve Istanbul (IST) - Statistics

General Stats
  • This quiz has been taken 44 times
  • The average score is 42 of 100
Answer Stats
Airline % Correct
Turkish Airlines
100%
Emirates
95%
Aeroflot
90%
Air China
90%
Air France
90%
British Airways
90%
Lufthansa
90%
Ethiopian Airlines
86%
KLM
86%
Qatar Airways
86%
Singapore Airlines
86%
Etihad Airways
81%
Iran Air
81%
easyJet
76%
LOT Polish Airlines
76%
Oman Air
76%
Royal Air Maroc
76%
Royal Jordanian
76%
Saudia
76%
Aegean Airlines
71%
Egyptair
71%
Korean Air
71%
TAROM
71%
Azerbaijan Airlines
67%
Gulf Air
67%
Asiana Airlines
62%
China Eastern Airlines
62%
China Southern Airlines
62%
Pegasus Airlines
62%
Wizz Air
62%
Air Astana
57%
Air Serbia
57%
Iraqi Airways
57%
Kuwait Airways
57%
Middle East Airlines
57%
Scandinavian Airlines
57%
Uzbekistan Airways
57%
All Nippon Airways
52%
Transavia
52%
Turkmenistan Airlines
52%
Mahan Air
48%
S7 Airlines
48%
Syrian Air
48%
Vueling
48%
AirBaltic
43%
Croatia Airlines
43%
Flynas
43%
FlyOne
43%
Icelandair
43%
IndiGo
43%
Air Arabia
38%
Air Montenegro
38%
Flydubai
38%
Rossiya Airlines
38%
Somon Air
38%
Belavia
33%
Sky Express
33%
Ural Airlines
33%
Air Cairo
29%
Ariana Afghan Airlines
29%
Jazeera Airways
29%
FlyErbil
24%
Iran Aseman Airlines
24%
MIAT Mongolian Airlines
24%
Thai Airways International
24%
FlyArystan
19%
HiSky
19%
Iran Airtour
19%
KM Malta Airlines
19%
Nordwind Airlines
19%
Norwegian Air Shuttle
19%
SCAT Airlines
19%
Sichuan Airlines
19%
Afriqiyah Airways
14%
Air Europa
14%
Centrum Air
14%
Flyadeal
14%
Nouvelair
14%
Pobeda
14%
Qanot Sharq
14%
SalamAir
14%
Southwind Airlines
14%
Utair
14%
Air Samarkand
10%
Air Transat
10%
Badr Airlines
10%
Berniq Airways
10%
Libyan Wings
10%
Taban Air
10%
ATA Airlines
5%
azimuth
5%
Caspian Airlines
5%
Karun Airlines
5%
Libyan Airlines
5%
Red Wings Airlines
5%
Animawings
0%
Crown Airlines
0%
Fly Oya
0%
Ghadames Air Transport
0%
Meraj Airlines
0%
No matching quizzes found
Score Distribution
Percent of People with Each Score
Percentile by Number Answered
Your Score History
You have not taken this quiz